书目信息 |
| 题名: |
电工电子技术与EDA基础
|
|
| 作者: | 王艳丹,何丽静 , 段玉生 编著 | |
| 分册: | ||
| 出版信息: | 北京 清华大学出版社 2004 |
|
| 页数: | 376页 | |
| 开本: | 23cm | |
| 丛书名: | ||
| 单 册: | ||
| 中图分类: | TM1 | |
| 科图分类: | ||
| 主题词: | 电工--理论 | |
| 电子资源: | ||
| ISBN: | 7-302-07818-1 | |
| 000 | 00722 nam 000229 | |
| 001 | 012000000789 | |
| 005 | 20070902091208.46 | |
| 010 | @a7-302-07818-1@dCNY35.00 | |
| 100 | @a20070714d2004 em y0chiy0121 ea | |
| 101 | @achi | |
| 102 | @aCN@b110000 | |
| 105 | @ay z 000yy | |
| 200 | 10 | @a电工电子技术与EDA基础@9dian gong dian zi ji shu yu EDA ji chu@e上@f段玉生,王艳丹,何丽静等编著@Fduan yu shen , wang yan dan , he li jing deng bian zhu |
| 210 | @a北京@c清华大学出版社@d2004 | |
| 215 | @a376页@d23cm | |
| 606 | @a电工@x理论 | |
| 690 | @aTM1@v4 | |
| 701 | 1 | @a王艳丹,何丽静@9wang yan dan , he li jing@4编著 |
| 701 | 0 | @a段玉生@9duan yu shen@4编著 |
| 801 | @aCN@c20070902 | |
| 901 | @a000001 | |
| 905 | @dTM1@eD940 | |
| 电工电子技术与EDA基础:上/段玉生,王艳丹,何丽静等编著.-北京:清华大学出版社,2004 |
| 376页;23cm |
| ISBN 7-302-07818-1:CNY35.00 |
| ● |
| 相关链接 |
|
|
|
正题名:电工电子技术与EDA基础
索取号:TM1/D940
 
预约/预借
| 序号 | 登录号 | 条形码 | 馆藏地/架位号 | 状态 | 备注 |
| 1 | 642233 | 206422334 | 自科库301/301自科库 6排3列1层/ [索取号:TM1/D940] | 在馆 | |
| 2 | 642234 | 206422343 | 自科库301/301自科库 6排3列1层/ [索取号:TM1/D940] | 在馆 |